| 000 | 00941nam a22002895i 4500 | ||
|---|---|---|---|
| 003 | EG-ScBUE | ||
| 005 | 20230117115137.0 | ||
| 008 | 150615t2010 cauc f 000 0 eng d | ||
| 020 | _a9780929261683 | ||
| 040 |
_aEG-ScBUE _beng _erda _cEG-ScBUE _dEG-ScBUE |
||
| 082 | 0 | 4 |
_a751.45 _bKER _222 |
| 100 | 1 |
_aKerr, Vernon, _d1938-1982, _eauthor. _939410 |
|
| 245 | 1 | 0 |
_aLand and sea : _blearn to paint step by step / _cVernon Kerr. |
| 264 | 1 |
_aIrvine : _bWalter Foster Publishing, _c[2010] |
|
| 264 | 4 | _cc2010 | |
| 300 |
_a31 pages : _bportraits ; _c35 cm. |
||
| 336 |
_2rdacontent _atext _btxt |
||
| 337 |
_2rdamedia _aunmediated _bn |
||
| 338 |
_2rdacarrier _avolume _bnc |
||
| 490 | 0 |
_aOil & acrylic. _aHow to Draw & Paint ; _vHT183 |
|
| 650 | 7 |
_aPainting _xTechnique. _2BUEsh |
|
| 650 | 7 |
_aLandscape painting. _2BUEsh _937974 |
|
| 651 | _2BUEsh | ||
| 653 |
_bCOMAME _cJune2015 _cFebruary2016 |
||
| 655 | _vReading book | ||
| 942 |
_2ddc _cBB |
||
| 999 |
_c19664 _d19636 |
||